000 01743cam a22004457a 4500
003 CHAP
005 20220329142831.0
008 040608s2003 mx r 00010 spa d
010 _a88447
011 _a89419
035 _a99970
040 _cCHAP
090 _aTesis
100 0 0 _aOrdaz Romero, Juan Manuel.
_983416
245 1 0 _aControl químico postemergente del chayotillo (Sicyos deppei G. Don) en maíz sembrado bajo el sistema de labranza cero de conservación en Chapingo, Méx.
_c/por Juan Manuel Ordaz Romero
260 _aChapingo, Méx. :
_bEl autor,
_c2003.
300 _a47 h.
502 _aTesis (Ing. Agr. Esp. en Parasitología Agrícola) -- UACH. Departamento de Parasitología Agrícola
530 _aTambién disponible en línea
590 _aALEPH
_b10
_c20130110
_lUCH01
_h1458
590 _aBATCH-UPD
_b10
_c20130110
_lUCH01
_h0119
590 _aBATCH-UPD
_b10
_c20130110
_lUCH01
_h1321
590 _aBATCH-UPD
_b10
_c20130410
_lUCH01
_h0830
590 _aBATCH-UPD
_b10
_c20130914
_lUCH01
_h1609
590 _aBATCH-UPD
_b10
_c20140324
_lUCH01
_h1445
590 _aBATCH-UPD
_b10
_c20141002
_lUCH01
_h0822
590 _aCONVERSION
_b10
_c20130109
_lUCH01
_h1349
650 1 4 _aHerbicidas
_xEfecto en plantas.
_953696
650 1 4 _aLabranza cero.
_964307
650 1 4 _aLabranza de conservación.
_964308
650 1 4 _aMaíz
_xMalas hierbas
_xControl.
_971003
650 1 4 _aMaíz
_zMéxico (Edo.).
_971099
650 1 4 _aSicyos deppei.
_9105804
856 _3Finding aid
_uhttp://10.13.5.2/tesis/99970.pdf
_zTeclea aqui
901 _aBK
905 _aAlejandra Carrasco M.
942 _cFOLL
949 _aTesis
_bBC
_cTES
_d33724000794491
_eTS2
_fc.2
_h42014
_i99970
_si
949 _aTesis
_bBC
_cTES
_d999701
_eTS1
_h42013
_i99970
_sb
999 _c88447
_d88447